| Поле | Название | Значение |
| |
Тип записи |
a |
| |
Библиографический уровень |
m |
| 001 |
Контрольный номер |
246de404d5d945f18be7d417ccaaa79e |
| 005 |
Дата корректировки |
20140606134409.9 |
| 010 |
Индекс ISBN |
__ |
| a |
ISBN |
5-8018-0159-6 |
| 101 |
Язык документа |
0_ |
| a |
Язык текста |
rus |
| 102 |
Страна публикации |
__ |
| a |
Страна публикации |
RU |
| 200 |
Заглавие и сведения об ответственности |
1_ |
| a |
Заглавие |
Налоги. |
| e |
Сведения, относящиеся к заглавию |
экспресс-курс |
| f |
Первые сведения об ответственности |
О. В. Скворцов |
| 205 |
Сведения об издании |
__ |
| a |
Основные сведения об издании |
2-е изд., перераб. и доп. |
| 210 |
Выходные данные |
1_ |
| c |
Издательство |
Дело и Сервис |
| a |
Место издания |
М. |
| d |
Дата издания |
2006 |
| 215 |
Физическое описание |
__ |
| a |
Объем |
255, [1] |
| 225 |
Серия |
2_ |
| a |
Серия |
Б-ка журн. "Консультант Бухгалтера" |
| w |
|
вып. 4 |
| 610 |
Ключевые слова |
0_ |
| a |
Ключевые слова |
налоги |
| 610 |
Ключевые слова |
0_ |
| a |
Ключевые слова |
налогообложение |
| 610 |
Ключевые слова |
0_ |
| a |
Ключевые слова |
функции налогов |
| 610 |
Ключевые слова |
0_ |
| a |
Ключевые слова |
элементы налогов |
| 610 |
Ключевые слова |
0_ |
| a |
Ключевые слова |
налоги с юридических лиц |
| 610 |
Ключевые слова |
0_ |
| a |
Ключевые слова |
специальные налоги |
| 610 |
Ключевые слова |
0_ |
| a |
Ключевые слова |
налоги с физических лиц |
| 610 |
Ключевые слова |
0_ |
| a |
Ключевые слова |
налогообложение в России |
| 686 |
Индексы других классификаций |
__ |
| a |
Классификационный индекс |
65.9(2)261.413 |
| 2 |
Код системы |
rubbk |
| 700 |
Автор |
_1 |
| a |
Фамилия |
Скворцов |
| b |
Имя |
О. В. |
| g |
Полное личное имя |
Олег Владимирович |
| 801 |
Источник записи |
_0 |
| a |
Страна |
RU |
| b |
Организация |
РУК |
| c |
Дата составления |
20060921 |
| g |
Правила каталогизации |
PSBO |
| 801 |
Источник записи |
_1 |
| a |
Страна |
RU |
| b |
Организация |
РУК |
| c |
Дата составления |
20060921 |
| g |
Правила каталогизации |
PSBO |
| 852 |
Данные о местонахождении |
__ |
| j |
Шифр хранения |
ББК 65.9(2)26 |
| i |
Авторский знак |
С 42 |
| 901 |
Тип документа |
__ |
| t |
Тип документа |
m |
| 938 |
Служебная информация |
__ |
| a |
Название организации |
Головной вуз |
| b |
Имя БД |
BOOK |
| c |
Название АИБС |
АИБС ИРБИС |